Hauptstädte und größte Städte (Nordrhein-Westfalen) - Statistiken

Allgemein
  • Dieses Quiz wurde 54 mal gespielt
  • Das Durchschnittsergebnis liegt bei 41 aus 74
Antwortstatistiken
Antwort % Korrekt
Düsseldorf
100%
Köln
100%
Arnsberg
86%
Detmold
75%
Minden
75%
Paderborn
75%
Siegen
75%
Unna
75%
Düsseldorf
73%
Düsseldorf
73%
Gütersloh
73%
Herford
73%
Höxter
73%
Soest
73%
Köln
70%
Minden
70%
Olpe
70%
Paderborn
70%
Aachen
68%
Aachen
68%
Düren
68%
Düren
68%
Gütersloh
68%
Herford
68%
Höxter
68%
Kleve
68%
Köln
68%
Mettmann
68%
Viersen
68%
Wesel
68%
Euskirchen
66%
Kleve
66%
Siegen
66%
Viersen
66%
Heinsberg
64%
Neuss
64%
Münster
61%
Münster
61%
Neuss
61%
Euskirchen
59%
Recklinghausen
57%
Borken
55%
Coesfeld
55%
Steinfurt
55%
Dortmund
52%
Recklinghausen
52%
Bergisch Gladbach
50%
Warendorf
50%
Bergisch Gladbach
48%
Siegburg
45%
Lüdenscheid
43%
Bielefeld
41%
Witten
41%
Gummersbach
34%
Gummersbach
34%
Schwelm
34%
Arnsberg
32%
Iserlohn
32%
Meschede
32%
Moers
32%
Ratingen
32%
Detmold
30%
Detmold
30%
Lippstadt
30%
Bergheim
27%
Erkelenz
27%
Lünen
27%
Troisdorf
27%
Bocholt
25%
Kerpen
23%
Rheine
20%
Dülmen
18%
Lennestadt
18%
Ahlen
16%
Keine übereinstimmenden Quizze gefunden
Verteilung der Resultate
Anzahl Personen mit jedem Resultat
Perzentil nach korrekt beantworteten Fragen
Ihre Resultats-Entwicklung
Sie haben dieses Quiz noch nicht gespielt